000 01015 a2200445 4500
000 BKB
001 069165
005 20200902150227.0
008
010 _a
020 _a9780521671224
082 _a822.33
_bP41P
100 1 _aPerforming Shakespeare's tragedies today: the actor's perspective
110 _a
245 1 _aPerforming Shakespeare's tragedies today: the actor's perspective
_cedited by Michael Dobson
250 _a
260 _aNew York
_bCambridge University Press
_c2006
300 _a144p.
490 _a
_v
500 _a
600 _a
610 _a
611 _a
630 _a
650 _a
651 _a
654 _a
690 _aShakespeare, William -- 1564-1616, Acting
700 _aDobson, Michael, ed.
_b
_c
710 _a
_b
_c
711 _a
720 _a
730 _a
740 _a
752 _a
856 _a
_d
_f
904 _a
964 _a
_bENG
_c
_d
_e
_f
_g
965 _a
999 _c2772
_d2772